| 000 | 00568nam a2200229Ia 4500 | ||
|---|---|---|---|
| 003 | OSt | ||
| 005 | 20220924153342.0 | ||
| 006 | a|||||r|||| 00| 0 | ||
| 007 | ta | ||
| 008 | 220923b |||||||| |||| 00| 0 tam d | ||
| 024 | _a349400 | ||
| 037 | _cTextual | ||
| 040 |
_aARTS _cARTS _btam |
||
| 041 |
_2tam _atam |
||
| 082 | _aO31,3N12a, L4 | ||
| 100 |
_aMohan _9206376 |
||
| 245 | 0 | _aMuva kalaikkalanehiam | |
| 650 | _a TAMIL LITERATURE | ||
| 650 | _aTAMIL FICTION | ||
| 942 |
_hO31,3N12a, L4 _cTEXL _2CC |
||
| 999 |
_c473294 _d473294 |
||